000 00742nam a2200193Ia 4500
008 250909s9999||||xx |||||||||||||| ||und||
040 _agtgcusco
_bspa
_cgtgcusco
_dgtgcusco
041 _aspa
084 _aT915
100 _aQuiñónez Alemán, Edgar Erasmo
_915517
245 0 _aConcentración de fluoruros naturales en el agua de consumo del departamento de Izabal.
260 _aGuatemala :
_bUSAC,
_c1985
300 _a131 p. :
_bil. :
_c27 cm.
336 _atexto
_btxt
_2rdacontenido
337 _aSin mediación
_bn
_2rdamedio
338 _avolumen
_bnc
_2rdasoporte
502 _aTesis (Cirujano Dentista) -- Universidad de San Carlos de Guatemala, Facultad de Odontología. --
942 _aBiblioteca Facultad de Odontología
_cTESIS
_kT915
999 _c6785
_d6785